Annual Report:2004-05 (Record no. 23052)

MARC details
000 -LEADER
fixed length control field 00288nam a2200121Ia 4500
008 - FIXED-LENGTH DATA ELEMENTS--GENERAL INFORMATION
fixed length control field 140316s9999 xx 000 0 und d
082 ## - DEWEY DECIMAL CLASSIFICATION NUMBER
Classification number ICAR/CMFRI
Item number AR/2004-05
100 ## - MAIN ENTRY--PERSONAL NAME
Personal name CMFRI
245 ## - TITLE STATEMENT
Title Annual Report:2004-05
260 ## - PUBLICATION, DISTRIBUTION, ETC. (IMPRINT)
Place of publication, distribution, etc. Cochin
Name of publisher, distributor, etc. CMFRI
Date of publication, distribution, etc. 2005
300 ## - PHYSICAL DESCRIPTION
Extent 134
942 ## - ADDED ENTRY ELEMENTS (KOHA)
Source of classification or shelving scheme Dewey Decimal Classification
Koha item type Reference Book
Holdings
Withdrawn status Lost status Source of classification or shelving scheme Damaged status Not for loan Home library Current library Shelving location Date acquired Total Checkouts Full call number Barcode Date last seen Price effective from Koha item type
    Dewey Decimal Classification     KAU Central Library, Thrissur KAU Central Library, Thrissur Closed Reference 18/03/2014   ICAR/CMFRI AR/2004-05 804842 18/03/2014 18/03/2014 Reference Book
Kerala Agricultural University Central Library
Thrissur-(Dt.), Kerala Pin:- 680656, India
Ph : (+91)(487) 2372219
E-mail: librarian@kau.in
Website: http://library.kau.in/